[Event "Lyon Memory Trophy 2nd"]
[Site "Lyon"]
[Date "2016.05.05"]
[Round "3.1"]
[White "Meinsohn, Francis"]
[Black "Marzolo, Cyril"]
[Result "1-0"]
[WhiteElo "2203"]
[BlackElo "2417"]
[PlyCount "39"]
[EventDate "2016.05.05"]
[EventType "swiss (rapid)"]
[EventRounds "5"]
[EventCountry "FRA"]
[SourceTitle "EXT 2024"]
[Source "ChessBase"]
[SourceDate "2023.10.10"]
[SourceVersion "1"]
[SourceVersionDate "2023.10.10"]
[SourceQuality "1"]

1. Nf3 Nc6 2. e4 d6 3. d4 Bg4 4. Be3 e5 5. d5 Nb8 6. c4 Nd7 7. Nc3 Be7 8. h3 Bxf3 9. Qxf3 a6 10. Rc1 Bg5 11. Bd3 h6 12. 0-0 Ngf6 13. b4 a5 14. a3 axb4 15. axb4 b6 16. Nb5 0-0 17. Bxg5 hxg5 18. Ra1 Ne8 19. Qf5 g6 20. Rxa8 1-0

[Event "FRA-ch Veterans"]
[Site "Pau"]
[Date "2008.08.17"]
[Round "6"]
[White "Pair, Maurice"]
[Black "Meinsohn, Francis"]
[Result "1/2-1/2"]
[WhiteElo "1806"]
[BlackElo "2251"]
[PlyCount "107"]
[EventDate "2008.08.11"]
[EventType "swiss"]
[EventRounds "9"]
[EventCountry "FRA"]
[SourceTitle "CBM 126 Extra"]
[Source "ChessBase"]
[SourceDate "2008.11.05"]
[SourceVersion "1"]
[SourceVersionDate "2008.11.05"]
[SourceQuality "1"]

1. d4 Nf6 2. Nf3 e6 3. Bf4 c5 4. c3 Qb6 5. Qc2 Nc6 6. e3 Nh5 7. Bg5 h6 8. Bh4 g5 9. Bg3 Nxg3 10. hxg3 Bg7 11. Nbd2 d5 12. Bd3 cxd4 13. exd4 Bd7 14. Nb3 Rc8 15. Qe2 Na5 16. Nfd2 Nxb3 17. axb3 a6 18. b4 Qd6 19. Nf3 Bc6 20. Ne5 0-0 21. Ng4 Rfe8 22. Nxh6+ Kf8 23. Qf3 Re7 24. Kf1 Ke8 25. Ng8 Kd7 26. Nxe7 Qxe7 27. Re1 Rf8 28. g4 Kc8 29. Qg3 Be8 30. Rh7 Bf6 31. Kg1 b5 32. Bf5 Bd7 33. Bd3 Kb7 34. Kf1 Be8 35. Bf5 Bd7 36. Bd3 Qd8 37. Qd6 Be7 38. Qg3 Be8 39. Kg1 Bd6 40. Qf3 Kb6 41. g3 Be7 42. Kg2 Qd6 43. Qe3 Bf6 44. f4 gxf4 45. gxf4 Bc6 46. g5 Bd8 47. Reh1 Bc7 48. Qe5 Qd8 49. Qe3 Rg8 50. R1h5 Be8 51. Rh8 Bc6 52. Rxg8 Qxg8 53. Qg3 Qf8 54. Qf3 1/2-1/2

[Event "FRA-ch Accession"]
[Site "Besancon"]
[Date "2006.08.22"]
[Round "7"]
[White "Patrat, Joel"]
[Black "Meinsohn, Francis"]
[Result "0-1"]
[WhiteElo "2003"]
[BlackElo "2250"]
[PlyCount "56"]
[EventDate "2006.08.15"]
[EventType "swiss"]
[EventRounds "10"]
[EventCountry "FRA"]
[SourceTitle "CBM 113 Extra"]
[Source "ChessBase"]
[SourceDate "2006.09.14"]
[SourceVersion "1"]
[SourceVersionDate "2006.09.14"]
[SourceQuality "1"]

1. c4 e6 2. e3 d5 3. Qc2 Nf6 4. Nf3 Be7 5. d4 0-0 6. Nc3 b6 7. Be2 Bb7 8. cxd5 exd5 9. 0-0 Nbd7 10. Qa4 a6 11. b4 Bd6 12. Qb3 c6 13. a4 Qe7 14. Ba3 Kh8 15. Bd3 Ne4 16. Rfe1 b5 17. Rab1 f5 18. Ne2 Rf6 19. Qc2 Rh6 20. Ng3 Rf8 21. Nf1 g5 22. Ne5 Nxe5 23. dxe5 Bxe5 24. f3 Nd6 25. f4 gxf4 26. exf4 Bd4+ 27. Kh1 Ne4 28. Bb2 Rxh2+ 0-1

[Event "FRA-ch Accession"]
[Site "Besancon"]
[Date "2006.08.21"]
[Round "6"]
[White "Meinsohn, Francis"]
[Black "Goldenberg, Richard"]
[Result "1/2-1/2"]
[WhiteElo "2250"]
[BlackElo "2329"]
[PlyCount "62"]
[EventDate "2006.08.15"]
[EventType "swiss"]
[EventRounds "10"]
[EventCountry "FRA"]
[SourceTitle "CBM 113 Extra"]
[Source "ChessBase"]
[SourceDate "2006.09.14"]
[SourceVersion "1"]
[SourceVersionDate "2006.09.14"]
[SourceQuality "1"]

1. d4 Nf6 2. c4 g6 3. Nc3 Bg7 4. Nf3 d6 5. Bg5 h6 6. Bh4 g5 7. Bg3 Nh5 8. e3 Bd7 9. Qc2 c5 10. d5 Qa5 11. Be2 Na6 12. 0-0 Nc7 13. Nd2 Nxg3 14. fxg3 0-0 15. Rf2 b5 16. cxb5 Nxb5 17. Nc4 Qc7 18. Ne4 f5 19. Ned2 Qb7 20. Na5 Qc8 21. Nc6 Bxc6 22. dxc6 Nc7 23. Raf1 e6 24. g4 Rb8 25. gxf5 Rxb2 26. Qd3 exf5 27. Nc4 Rxe2 28. Rxe2 Qe6 29. e4 Bd4+ 30. Kh1 f4 31. Rfe1 g4 1/2-1/2

[Event "FRA-ch Accession"]
[Site "Besancon"]
[Date "2006.08.15"]
[Round "1"]
[White "Hocher, Eugene"]
[Black "Meinsohn, Francis"]
[Result "0-1"]
[WhiteElo "1810"]
[BlackElo "2250"]
[PlyCount "70"]
[EventDate "2006.08.15"]
[EventType "swiss"]
[EventRounds "10"]
[EventCountry "FRA"]
[SourceTitle "CBM 113 Extra"]
[Source "ChessBase"]
[SourceDate "2006.09.14"]
[SourceVersion "1"]
[SourceVersionDate "2006.09.14"]
[SourceQuality "1"]

1. d4 d5 2. Nf3 Bf5 3. c4 e6 4. e3 c6 5. Nbd2 Nd7 6. Be2 Bd6 7. a3 a5 8. b3 h5 9. Bb2 h4 10. h3 Ne7 11. Qc1 Ng6 12. Qc3 Qe7 13. 0-0 0-0 14. Rfe1 f6 15. Bd3 Bxd3 16. Qxd3 f5 17. Kh1 Nf6 18. Qc2 Ne4 19. Rf1 Qc7 20. Qd1 Be7 21. Rc1 Qb6 22. Kg1 Bf6 23. Qc2 Rf7 24. Ra1 Ne7 25. Nxe4 fxe4 26. Nd2 Nf5 27. Rfc1 g5 28. Bc3 Rg7 29. Rcb1 Qc7 30. b4 g4 31. hxg4 Rxg4 32. Nf1 Qg7 33. g3 hxg3 34. fxg3 Nxg3 35. Nxg3 Rxg3+ 0-1

[Event "Montpellier op"]
[Site "Montpellier"]
[Date "2003.07.09"]
[Round "3"]
[White "Meinsohn, Francis"]
[Black "Vajda, Szidonia"]
[Result "0-1"]
[WhiteElo "2260"]
[BlackElo "2403"]
[PlyCount "60"]
[EventDate "2003.07.07"]
[EventType "swiss"]
[EventRounds "9"]
[EventCountry "FRA"]
[SourceTitle "CBM 095 Extra"]
[Source "ChessBase"]
[SourceDate "2003.09.04"]
[SourceVersion "1"]
[SourceVersionDate "2003.09.04"]
[SourceQuality "1"]

1. Nf3 Nf6 2. c4 c5 3. Nc3 g6 4. e4 d6 5. d4 cxd4 6. Nxd4 Bg7 7. Be2 Nc6 8. Be3 0-0 9. 0-0 Bd7 10. h3 a6 11. Rc1 Rc8 12. Qd2 Re8 13. Rce1 Qa5 14. Nb3 Qc7 15. Nd5 Qb8 16. Nb6 Rcd8 17. Nxd7 Rxd7 18. f3 Rc7 19. Bb6 Rcc8 20. Rd1 Ne5 21. Be3 Ned7 22. g4 d5 23. Kg2 dxe4 24. f4 Red8 25. Qa5 Ne8 26. Qa3 e6 27. c5 Ndf6 28. Bc4 Nc7 29. Rd6 Ncd5 30. Bxd5 Nxd5 0-1

[Event "Chambery op 8th"]
[Site "Chambery"]
[Date "2002.08.09"]
[Round "8"]
[White "Brunner, Nicolas"]
[Black "Meinsohn, Francis"]
[Result "1-0"]
[WhiteElo "2253"]
[BlackElo "2319"]
[PlyCount "79"]
[EventDate "2002.08.02"]
[EventType "swiss"]
[EventRounds "9"]
[EventCountry "FRA"]
[SourceTitle "EXT 2020"]
[Source "ChessBase"]
[SourceDate "2019.10.17"]
[SourceVersion "1"]
[SourceVersionDate "2019.10.17"]
[SourceQuality "1"]

1. c4 Nf6 2. d4 c5 3. d5 b5 4. cxb5 a6 5. f3 axb5 6. e4 Qa5+ 7. Bd2 b4 8. Na3 d6 9. Nc4 Qd8 10. a3 e6 11. Ne3 exd5 12. exd5 bxa3 13. Rxa3 Rxa3 14. bxa3 g6 15. Kf2 Bg7 16. Qb3 Nbd7 17. Nc4 Qe7 18. Bf4 0-0 19. Ne2 Ba6 20. Na5 Re8 21. Nc6 Qxe2+ 22. Bxe2 Rxe2+ 23. Kg1 Re1+ 24. Kf2 Rxh1 25. Bxd6 Rf1+ 26. Kg3 h6 27. h4 Kh7 28. Nd8 Nh5+ 29. Kh2 Ne5 30. Nc6 Nd3 31. Qa4 Bc8 32. Ne7 Bd4 33. g4 Rf2+ 34. Kh1 Rf1+ 35. Kh2 Ne5 36. Bxe5 Bxe5+ 37. Kg2 Rb1 38. Nxc8 Rb2+ 39. Kf1 Ng3+ 40. Ke1 1-0

[Event "FRA-chT2S 9798"]
[Site "France"]
[Date "1998.??.??"]
[Round "10"]
[White "Fauvet, Eric"]
[Black "Meinsohn, Francis"]
[Result "0-1"]
[WhiteElo "2155"]
[BlackElo "2225"]
[PlyCount "102"]
[EventDate "1997.??.??"]
[EventType "team"]
[EventRounds "9"]
[EventCountry "FRA"]
[SourceTitle "EXT 2003"]
[Source "ChessBase"]
[SourceDate "2002.11.25"]
[SourceVersion "1"]
[SourceVersionDate "2002.11.25"]
[SourceQuality "1"]

1. e4 e6 2. d4 d5 3. exd5 Qxd5 4. Nc3 Bb4 5. Nf3 Nf6 6. Bd3 Ne4 7. Bd2 Bxc3 8. bxc3 Nxd2 9. Qxd2 Bd7 10. 0-0 0-0 11. Qf4 Bc6 12. Qxc7 Nd7 13. Qg3 Rac8 14. c4 Qh5 15. Rfe1 Bxf3 16. gxf3 Rfd8 17. Rab1 b6 18. Rb5 Qh6 19. Re4 f5 20. Re1 Qf6 21. d5 e5 22. a4 Re8 23. a5 g6 24. axb6 axb6 25. Bf1 Ra8 26. Reb1 Ra2 27. c5 bxc5 28. c4 Rea8 29. Rb7 R8a7 30. f4 e4 31. Qb3 Qd4 32. Qe3 Kf8 33. Rxa7 Rxa7 34. Qb3 Qd2 35. Qg3 Kg7 36. Rb5 Qd4 37. Qe3 Qxe3 38. fxe3 Kf6 39. h4 h6 40. Kf2 g5 41. hxg5+ hxg5 42. fxg5+ Kxg5 43. Be2 f4 44. exf4+ Kxf4 45. Rb3 Ra2 46. Rh3 Ke5 47. Rh5+ Kd4 48. Rh4 Ne5 49. Kf1 Ke3 50. Rh5 Ra1+ 51. Kg2 Ng6 0-1

[Event "Chambery op 4th"]
[Site "Chambery"]
[Date "1998.??.??"]
[Round "?"]
[White "Meinsohn, Francis"]
[Black "Cosma, Elena Luminita"]
[Result "1/2-1/2"]
[WhiteElo "2245"]
[BlackElo "2360"]
[PlyCount "73"]
[EventDate "1998.08.01"]
[EventType "swiss"]
[EventRounds "9"]
[EventCountry "FRA"]
[SourceTitle "EXT 2001"]
[Source "ChessBase"]
[SourceDate "2000.11.22"]
[SourceVersion "1"]
[SourceVersionDate "2000.11.22"]
[SourceQuality "1"]

1. d4 d5 2. c4 e6 3. Nc3 c6 4. Nf3 Nf6 5. e3 Nbd7 6. Bd3 dxc4 7. Bxc4 b5 8. Bd3 a6 9. a4 b4 10. Ne4 Bb7 11. 0-0 c5 12. Nxf6+ Nxf6 13. a5 Qd5 14. b3 Bd6 15. dxc5 Qxc5 16. Bb2 Ke7 17. Qe2 Qh5 18. e4 Nxe4 19. Bxe4 Bxh2+ 20. Kh1 Bg3+ 21. Kg1 Bh2+ 22. Kh1 Bxe4 23. Qxe4 Be5+ 24. Kg1 Bxb2 25. Qxb4+ Ke8 26. Rad1 Qb5 27. Qd6 Bf6 28. Rfe1 Qb7 29. Rc1 Rd8 30. Qc6+ Qxc6 31. Rxc6 Kd7 32. Rxa6 Ra8 33. Rd1+ Kc7 34. Rc1+ Kd7 35. Rd1+ Kc7 36. Rc1+ Kd7 37. Rd1+ 1/2-1/2

[Event "FRA-chT2S 9798"]
[Site "France"]
[Date "1998.??.??"]
[Round "6"]
[White "Meinsohn, Francis"]
[Black "Kogan, Artur"]
[Result "0-1"]
[WhiteElo "2225"]
[BlackElo "2500"]
[PlyCount "101"]
[EventDate "1997.??.??"]
[EventType "team"]
[EventRounds "9"]
[EventCountry "FRA"]
[SourceTitle "EXT 2003"]
[Source "ChessBase"]
[SourceDate "2002.11.25"]
[SourceVersion "1"]
[SourceVersionDate "2002.11.25"]
[SourceQuality "1"]

1. d4 Nf6 2. c4 c5 3. d5 b5 4. cxb5 a6 5. Nc3 Qa5 6. e3 Bb7 7. Bd2 axb5 8. Bxb5 Qb6 9. Bc4 e6 10. e4 Nxe4 11. Nf3 Nxd2 12. Qxd2 Be7 13. 0-0 0-0 14. Rfe1 Na6 15. Rad1 Bf6 16. Ne4 exd5 17. Bxd5 Bxd5 18. Qxd5 Bxb2 19. Rb1 Rab8 20. Re2 Qh6 21. Neg5 Nb4 22. Qxc5 Nd3 23. Qf5 Qg6 24. Qxg6 hxg6 25. g3 Bc1 26. Rxb8 Rxb8 27. Re7 Bxg5 28. Nxg5 f6 29. Nf3 Rb1+ 30. Kg2 Rb2 31. Re3 Nxf2 32. Rb3 Rxa2 33. Rb7 d5 34. Rd7 Ne4+ 35. Kg1 Nc3 36. Nd4 Ra6 37. h4 Kh7 38. Rd8 Ne4 39. Rxd5 Nxg3 40. Kg2 Ne4 41. Kf3 Nd2+ 42. Kg3 Ra3+ 43. Kg2 Rd3 44. h5 g5 45. Rd6 Nc4 46. Rd7 Ne3+ 47. Kf2 Nc2 48. Ne6 Rxd7 49. Nf8+ Kh6 50. Nxd7 Kxh5 51. Kg3 0-1

[Event "Chambery op 4th"]
[Site "Chambery"]
[Date "1998.??.??"]
[Round "?"]
[White "Meinsohn, Francis"]
[Black "Mazzoni, Guy"]
[Result "1-0"]
[WhiteElo "2245"]
[BlackElo "2220"]
[PlyCount "77"]
[EventDate "1998.08.01"]
[EventType "swiss"]
[EventRounds "9"]
[EventCountry "FRA"]
[SourceTitle "EXT 2001"]
[Source "ChessBase"]
[SourceDate "2000.11.22"]
[SourceVersion "1"]
[SourceVersionDate "2000.11.22"]
[SourceQuality "1"]

1. d4 Nf6 2. c4 e5 3. dxe5 Ng4 4. Nf3 Bc5 5. e3 Nc6 6. Bd2 0-0 7. Bc3 Re8 8. Be2 a5 9. Nbd2 Ngxe5 10. Nxe5 Nxe5 11. Nf3 Nxf3+ 12. Bxf3 Ra6 13. Qd5 Qe7 14. h4 Bb4 15. Qd4 Bxc3+ 16. Qxc3 Qb4 17. Rc1 d6 18. a3 Qxc3+ 19. Rxc3 a4 20. Kd2 Rb6 21. Kc1 c5 22. Rd1 Kf8 23. Rd2 Be6 24. Bd1 Ra8 25. e4 Ke7 26. f4 f6 27. g4 h6 28. f5 Bd7 29. Rcd3 Rba6 30. g5 hxg5 31. hxg5 Rh8 32. gxf6+ gxf6 33. Rg3 Be8 34. Rg7+ Bf7 35. Kc2 Raa8 36. Bf3 Rab8 37. e5 fxe5 38. Bd5 Rbf8 39. f6+ 1-0

[Event "Chambery op 4th"]
[Site "Chambery"]
[Date "1998.??.??"]
[Round "?"]
[White "Meinsohn, Francis"]
[Black "Verbaere, Philippe"]
[Result "1-0"]
[WhiteElo "2245"]
[BlackElo "2135"]
[PlyCount "101"]
[EventDate "1998.08.01"]
[EventType "swiss"]
[EventRounds "9"]
[EventCountry "FRA"]
[SourceTitle "EXT 2001"]
[Source "ChessBase"]
[SourceDate "2000.11.22"]
[SourceVersion "1"]
[SourceVersionDate "2000.11.22"]
[SourceQuality "1"]

1. d4 Nf6 2. c4 d6 3. Nf3 Nbd7 4. Nc3 e5 5. g3 c6 6. dxe5 dxe5 7. Bg2 Be7 8. 0-0 0-0 9. Qc2 Qc7 10. b3 Re8 11. h3 h6 12. a3 a5 13. Rb1 Nc5 14. b4 Na6 15. c5 Be6 16. Na4 axb4 17. axb4 Rad8 18. e4 Nd7 19. Be3 Qb8 20. Rfc1 Nc7 21. Bf1 Rf8 22. Kg2 f5 23. Bc4 fxe4 24. Bxe6+ Nxe6 25. Qxe4 Nc7 26. Nc3 Rf7 27. Rd1 Nf6 28. Qxe5 Nfd5 29. Nxd5 Nxd5 30. Qxb8 Rxb8 31. Bd4 Bf6 32. Ne5 Re7 33. Re1 Rbe8 34. f4 Nc7 35. h4 Ne6 36. Ba1 Kh7 37. Kf2 h5 38. Nf3 Kg6 39. Be5 Ra8 40. Ra1 Ree8 41. Red1 Nf8 42. Ke3 Kf5 43. Nd4+ Kg4 44. Ke4 Ng6 45. Nf3 Ne7 46. Nh2+ Kh3 47. Nf1 Nd5 48. Kf3 Rxa1 49. Rxa1 Bxe5 50. Ra2 Bxf4 51. Rh2# 1-0

[Event "Geneve op"]
[Site "Geneve"]
[Date "1993.??.??"]
[Round "3"]
[White "Meinsohn, Francis"]
[Black "Nemet, Ivan"]
[Result "1-0"]
[WhiteElo "2235"]
[BlackElo "2415"]
[PlyCount "59"]
[EventDate "1993.01.??"]
[EventType "swiss"]
[EventRounds "9"]
[EventCountry "SUI"]
[SourceTitle "EXT 1997"]
[Source "ChessBase"]
[SourceDate "1996.11.15"]
[SourceVersion "1"]
[SourceVersionDate "1996.11.15"]
[SourceQuality "1"]

1. d4 Nf6 2. Nf3 g6 3. c4 Bg7 4. Nc3 0-0 5. Bg5 d6 6. e3 c6 7. Qc2 a6 8. Be2 b5 9. 0-0 Nbd7 10. b3 Bb7 11. Rad1 Qa5 12. e4 bxc4 13. bxc4 e5 14. dxe5 Nxe5 15. Nxe5 Qxe5 16. f4 Qa5 17. Kh1 Ne8 18. Rf3 Qc7 19. c5 f6 20. Bh4 Kh8 21. f5 dxc5 22. Na4 Bc8 23. Nxc5 Qe7 24. Bf2 Nc7 25. Nb3 Re8 26. Qxc6 gxf5 27. Rc3 Nb5 28. Bxb5 Bb7 29. Qc7 axb5 30. Rd7 1-0

[Event "Geneve op"]
[Site "Geneve"]
[Date "1993.??.??"]
[Round "5"]
[White "Mitkov, Marjan"]
[Black "Meinsohn, Francis"]
[Result "1-0"]
[WhiteElo "2325"]
[BlackElo "2235"]
[PlyCount "87"]
[EventDate "1993.01.??"]
[EventType "swiss"]
[EventRounds "9"]
[EventCountry "SUI"]
[SourceTitle "EXT 1997"]
[Source "ChessBase"]
[SourceDate "1996.11.15"]
[SourceVersion "1"]
[SourceVersionDate "1996.11.15"]
[SourceQuality "1"]

1. d4 Nf6 2. c4 g6 3. Nc3 Bg7 4. e4 d6 5. Be2 0-0 6. Nf3 Bg4 7. Be3 Nfd7 8. h4 Nc6 9. d5 Bxf3 10. gxf3 Na5 11. Qc1 b6 12. h5 e5 13. dxe6 fxe6 14. hxg6 hxg6 15. f4 Rf7 16. Qc2 e5 17. f5 gxf5 18. exf5 Nc6 19. Bh5 Nd4 20. Bxf7+ Kxf7 21. Bxd4 exd4 22. Ne4 Nc5 23. Nxc5 bxc5 24. 0-0-0 Qf6 25. Qd3 Re8 26. Rdg1 Rh8 27. Rxh8 Bxh8 28. Qg3 Qh6+ 29. Kc2 Be5 30. Qg6+ Qxg6 31. fxg6+ Kg7 32. Kd3 c6 33. Ke4 Bf6 34. f4 d3 35. Kxd3 Bxb2 36. Ke4 Bd4 37. Rg3 Bf2 38. Rg2 Bd4 39. f5 Be5 40. Rg1 a5 41. a4 Bc3 42. Rh1 Kg8 43. Rh7 Bg7 44. Rh3 1-0

[Event "SUI-chT"]
[Site "Switzerland"]
[Date "1993.??.??"]
[Round "?"]
[White "Ruefenacht, Matthias"]
[Black "Meinsohn, Francis"]
[Result "1-0"]
[WhiteElo "2360"]
[BlackElo "2235"]
[PlyCount "81"]
[EventDate "1993.??.??"]
[EventType "team-tourn"]
[EventRounds "9"]
[EventCountry "SUI"]
[SourceTitle "TD"]
[Source "ChessBase"]
[SourceDate "1994.03.01"]
[SourceVersion "1"]
[SourceVersionDate "1994.03.01"]
[SourceQuality "1"]

1. e4 c5 2. Nc3 g6 3. Nf3 Bg7 4. d4 cxd4 5. Nxd4 Nc6 6. Be3 Nf6 7. Be2 0-0 8. Nb3 a5 9. a4 Nb4 10. f4 d5 11. e5 Ne4 12. Bf3 Bf5 13. Nd4 Rc8 14. Ncb5 f6 15. c3 Nc6 16. Nxf5 gxf5 17. e6 d4 18. Nxd4 Nxd4 19. Qxd4 Rc6 20. Bxe4 Qxd4 21. cxd4 fxe4 22. f5 Rc2 23. 0-0 Rxb2 24. Rab1 Re2 25. Rfe1 Ra2 26. Rxb7 Rc8 27. Reb1 Rxa4 28. Rxe7 Ra3 29. Bf4 e3 30. Rd7 Rac3 31. Kf1 a4 32. e7 Re8 33. d5 a3 34. d6 Kf7 35. Ra7 Rc2 36. Bxe3 a2 37. Ra1 Rb8 38. R7xa2 Rc3 39. Kf2 Rd3 40. Ra8 Rb2+ 41. Kf3 1-0

[Event "Geneve op"]
[Site "Geneve"]
[Date "1992.??.??"]
[Round "8"]
[White "Inkiov, Ventzislav"]
[Black "Meinsohn, Francis"]
[Result "1-0"]
[WhiteElo "2450"]
[BlackElo "2260"]
[PlyCount "51"]
[EventDate "1992.??.??"]
[EventType "swiss"]
[EventRounds "9"]
[EventCountry "SUI"]
[SourceTitle "TD"]
[Source "ChessBase"]
[SourceDate "1994.03.01"]
[SourceVersion "1"]
[SourceVersionDate "1994.03.01"]
[SourceQuality "1"]

1. e4 c5 2. Nf3 e6 3. d4 cxd4 4. Nxd4 a6 5. Nc3 Qc7 6. g3 d6 7. Bg2 Nf6 8. 0-0 Be7 9. g4 Nc6 10. g5 Nd7 11. Nde2 b5 12. a3 Bb7 13. f4 g6 14. f5 gxf5 15. exf5 Nce5 16. fxe6 fxe6 17. Nf4 Qb6+ 18. Rf2 d5 19. Qh5+ Nf7 20. Nfxd5 exd5 21. Qxf7+ Kd8 22. Nxd5 Bxd5 23. Qxd5 Ra7 24. Kf1 h6 25. gxh6 Rxh6 26. Qg8+ 1-0

[Event "FRA-ch"]
[Site "Rouen"]
[Date "1987.??.??"]
[Round "13"]
[White "Boudre, Jean Pierre"]
[Black "Meinsohn, Francis"]
[Result "1-0"]
[WhiteElo "2300"]
[BlackElo "2265"]
[PlyCount "61"]
[EventDate "1987.??.??"]
[EventType "swiss"]
[EventRounds "13"]
[EventCountry "FRA"]
[SourceTitle "EXT 1997"]
[Source "ChessBase"]
[SourceDate "1996.11.15"]
[SourceVersion "1"]
[SourceVersionDate "1996.11.15"]
[SourceQuality "1"]

1. e4 c5 2. Nf3 e6 3. d4 cxd4 4. Nxd4 a6 5. Nc3 d6 6. Be3 Be7 7. f4 Qc7 8. f5 Nf6 9. g4 d5 10. fxe6 fxe6 11. g5 Nxe4 12. Nxe4 dxe4 13. Bh3 0-0 14. Bxe6+ Kh8 15. Bxc8 Qxc8 16. Qh5 Bb4+ 17. Kd1 Qc4 18. Qe2 Qd5 19. c4 Qd7 20. Kc2 b5 21. Rad1 bxc4 22. Kb1 Nc6 23. Qxc4 Nxd4 24. Bxd4 a5 25. h4 Rac8 26. Qe2 Qb7 27. h5 Bc3 28. Bxc3 Rxc3 29. h6 e3 30. hxg7+ Kxg7 31. Qg4 1-0

[Event "FRA-ch"]
[Site "Rouen"]
[Date "1987.??.??"]
[Round "11"]
[White "Meinsohn, Francis"]
[Black "Cerisier, Philippe"]
[Result "0-1"]
[WhiteElo "2265"]
[BlackElo "2275"]
[PlyCount "64"]
[EventDate "1987.??.??"]
[EventType "swiss"]
[EventRounds "13"]
[EventCountry "FRA"]
[SourceTitle "EXT 1997"]
[Source "ChessBase"]
[SourceDate "1996.11.15"]
[SourceVersion "1"]
[SourceVersionDate "1996.11.15"]
[SourceQuality "1"]

1. e4 c5 2. c3 Nf6 3. e5 Nd5 4. d4 cxd4 5. Nf3 e6 6. cxd4 b6 7. Nc3 Nxc3 8. bxc3 Qc7 9. Bd2 Bb7 10. Bd3 d6 11. 0-0 Nd7 12. Re1 Be7 13. Re3 g6 14. exd6 Qxd6 15. Ne5 Nxe5 16. dxe5 Qd7 17. Qe2 0-0 18. Re1 Qa4 19. Rg3 Qxa2 20. Qe3 Rfd8 21. h4 Rxd3 22. Qxd3 Rd8 23. Bh6 Rxd3 24. Rxd3 Bc6 25. Red1 f5 26. exf6 Bxf6 27. Rd6 Qc4 28. R1d4 Bxd4 29. Rxd4 Qxc3 30. Rf4 Qc5 31. Kh2 a5 32. g3 a4 0-1

[Event "FRA-ch"]
[Site "Rouen"]
[Date "1987.??.??"]
[Round "3"]
[White "Meinsohn, Francis"]
[Black "Mayer, J."]
[Result "1/2-1/2"]
[WhiteElo "2265"]
[BlackElo "2200"]
[PlyCount "65"]
[EventDate "1987.??.??"]
[EventType "swiss"]
[EventRounds "13"]
[EventCountry "FRA"]
[SourceTitle "EXT 1997"]
[Source "ChessBase"]
[SourceDate "1996.11.15"]
[SourceVersion "1"]
[SourceVersionDate "1996.11.15"]
[SourceQuality "1"]

1. Nf3 d5 2. b3 c6 3. Bb2 Bg4 4. g3 Bxf3 5. exf3 e6 6. f4 Nf6 7. Bg2 Bd6 8. 0-0 0-0 9. Re1 Nbd7 10. d4 a5 11. a4 Qc7 12. Ba3 Bxa3 13. Nxa3 Rfe8 14. Qd3 Rad8 15. Re2 Qd6 16. c3 Rc8 17. Rb2 Qe7 18. b4 axb4 19. Rxb4 Ra8 20. Nc2 b6 21. Ne3 g6 22. Rbb1 Ra7 23. h3 Rea8 24. Qd1 Qd6 25. Bf3 Ra5 26. c4 Qc7 27. cxd5 cxd5 28. Be2 Ne4 29. Rc1 Nc3 30. Qd2 Nxe2+ 31. Qxe2 Qd6 32. Qd1 Nf6 33. Ng4 1/2-1/2

[Event "FRA-ch"]
[Site "Epinal"]
[Date "1986.08.27"]
[Round "12"]
[White "Meinsohn, Francis"]
[Black "Birmingham, Eric"]
[Result "0-1"]
[WhiteElo "2275"]
[BlackElo "2260"]
[PlyCount "70"]
[EventDate "1986.08.15"]
[EventType "tourn"]
[EventRounds "15"]
[EventCountry "FRA"]
[EventCategory "4"]
[SourceTitle "EXT 1997"]
[Source "ChessBase"]
[SourceDate "1996.11.15"]
[SourceVersion "1"]
[SourceVersionDate "1996.11.15"]
[SourceQuality "1"]

1. d4 Nf6 2. c4 d6 3. Nc3 Nbd7 4. Qc2 c6 5. Nf3 e5 6. g3 Be7 7. Bg2 0-0 8. 0-0 Re8 9. h3 Bf8 10. b3 Qc7 11. e4 a6 12. Be3 b5 13. cxb5 cxb5 14. Rac1 Bb7 15. Qb2 Qd8 16. dxe5 dxe5 17. Rfd1 Qa5 18. Nd5 Nxd5 19. exd5 e4 20. Ng5 Nf6 21. d6 Rad8 22. b4 Qa4 23. Bc5 h6 24. Rd4 a5 25. Bf1 hxg5 26. bxa5 Qxa5 27. Bb4 Qa8 28. Bxb5 Re5 29. a4 e3 30. fxe3 Rxe3 31. Kh2 Ba6 32. Qd2 Re6 33. Rc6 Bxb5 34. axb5 Rde8 35. Rc2 Qf3 0-1

[Event "FRA-ch"]
[Site "Epinal"]
[Date "1986.08.23"]
[Round "8"]
[White "Giffard, Nicolas"]
[Black "Meinsohn, Francis"]
[Result "1-0"]
[WhiteElo "2375"]
[BlackElo "2275"]
[PlyCount "81"]
[EventDate "1986.08.15"]
[EventType "tourn"]
[EventRounds "15"]
[EventCountry "FRA"]
[EventCategory "4"]
[SourceTitle "EXT 1997"]
[Source "ChessBase"]
[SourceDate "1996.11.15"]
[SourceVersion "1"]
[SourceVersionDate "1996.11.15"]
[SourceQuality "1"]

1. d4 d5 2. Nf3 Nc6 3. g3 Bg4 4. Bg2 e6 5. 0-0 Nge7 6. Nbd2 Nf5 7. c3 Be7 8. e4 Nd6 9. h3 Bxf3 10. Bxf3 dxe4 11. Nxe4 Nxe4 12. Bxe4 Qd7 13. b4 a6 14. Qc2 Nd8 15. a4 g6 16. h4 Rb8 17. Be3 Bd6 18. Bd3 Be7 19. Rfe1 0-0 20. h5 Bf6 21. Rad1 Nc6 22. b5 axb5 23. Bxb5 Qd8 24. Bh6 Bg7 25. Bxg7 Kxg7 26. Bxc6 bxc6 27. Re5 Qd6 28. Qa2 Rfd8 29. Ra1 Rb6 30. Qe2 Rb3 31. Qe3 Rdb8 32. h6+ Kg8 33. Qe1 Rb2 34. a5 Ra8 35. g4 c5 36. Qe4 Rab8 37. a6 c6 38. a7 Ra8 39. Rxc5 Rb7 40. Rxc6 Qf8 41. Rxe6 1-0

[Event "FRA-ch"]
[Site "Epinal"]
[Date "1986.08.20"]
[Round "5"]
[White "Meinsohn, Francis"]
[Black "Sharif, Mershad"]
[Result "1/2-1/2"]
[WhiteElo "2275"]
[BlackElo "2440"]
[PlyCount "22"]
[EventDate "1986.08.15"]
[EventType "tourn"]
[EventRounds "15"]
[EventCountry "FRA"]
[EventCategory "4"]
[SourceTitle "EXT 1997"]
[Source "ChessBase"]
[SourceDate "1996.11.15"]
[SourceVersion "1"]
[SourceVersionDate "1996.11.15"]
[SourceQuality "1"]

1. d4 Nf6 2. c4 e6 3. Nc3 Bb4 4. Nf3 d5 5. Qa4+ Nc6 6. Bg5 h6 7. Bxf6 Qxf6 8. e3 0-0 9. Be2 dxc4 10. 0-0 Bd7 11. Bxc4 Qg6 1/2-1/2

[Event "FRA-ch60 Championnat"]
[Site "Clermont Ferrand"]
[Date "1985.08.30"]
[Round "13"]
[White "Meinsohn, Francis"]
[Black "Lamorelle, Yves"]
[Result "0-1"]
[WhiteElo "2305"]
[BlackElo "2215"]
[PlyCount "49"]
[EventDate "1985.08.17"]
[EventType "swiss"]
[EventRounds "13"]
[EventCountry "FRA"]
[SourceTitle "EXT 2004"]
[Source "ChessBase"]
[SourceDate "2003.11.25"]
[SourceVersion "1"]
[SourceVersionDate "2003.11.25"]
[SourceQuality "1"]

1. d4 Nf6 2. c4 g6 3. Nc3 Bg7 4. Nf3 d6 5. Bg5 0-0 6. e3 Nbd7 7. Qc2 h6 8. Bh4 c6 9. Rd1 g5 10. Bg3 Nh5 11. Be2 Nxg3 12. hxg3 e5 13. dxe5 dxe5 14. 0-0 Qe7 15. Ne4 Nc5 16. Nd6 Rd8 17. Nxc8 Raxc8 18. b4 Ne6 19. a3 b6 20. Qe4 a5 21. Rxd8+ Rxd8 22. Qb1 axb4 23. axb4 Qd6 24. g4 Ra8 25. Bd1 0-1